Песни с названием в тексте #1 - Statistics

General Stats
  • This quiz has been taken 14 times
  • The average score is 7 of 21
Answer Stats
Hint Answer % Correct
Это ты, это я, между нами ... Молния
82%
... ... ...? Вдоль ночных дорог Знаешь ли ты
73%
И пропадает в миллионах навек /Когда-то ... ... ..., правда Самый дорогой человек
64%
Только вот привычка, ты к нему как ... Птичка
55%
... ... ..., под эту легкую музыку Танцуй под Бузову
55%
Себя подожгли, сорвали овации /... любви, это эвакуация Пожары
45%
Счастье накрыло как ... Цунами
45%
Разрыдаюсь косым дождём. Знаешь, ... ... ... Я так соскучился
36%
Я в тебе нашёл ... ... Абсолютно всё
36%
Среди старых кварталов нас ищут ... Копы
36%
..., смотри на палец, читай по глазам Замужем
27%
... ... ... ..., как хорошо мне с тобой бывает Коламбия Пикчерз не представляет
27%
Да ты прямо всё скажи, не виляй /Нет, я тебе не друг — ..., ... #Валигуляй
18%
И для тела моего ты самый заветный ... Шёлк
18%
... ... ... ..., я здесь усну и там проснусь Увезите меня на Дип-хаус
18%
... ... ..., снова говорю пока Снова я напиваюсь
18%
Ты ведь совсем не психопат. /У тебя накопились ... Токсины
9%
..., тобою я ..., я так тебя хотела, я так тебя ждала Болела
9%
..., ..., ... — мы друзья Медуза
9%
... ... ... танцуем всей страной Под красною звездой
0%
Снова по твоим щекам слёзы ... Водопадами
0%
No matching quizzes found
Score Distribution
Percent of People with Each Score
Percentile by Number Answered
Your Score History
You have not taken this quiz